Coriolanus: review questions and answers

Gardado en:
Detalles Bibliográficos
Autor Principal: Shakespeare, William
Formato: Libro
Idioma:Undetermined
Publicado: Londres, Inglaterra Coles Notes 1967
Materias:
Etiquetas: Engadir etiqueta
Sen Etiquetas, Sexa o primeiro en etiquetar este rexistro!

MARC

LEADER 00000nam a2200000Ia 4500
008 170316s9999 xx 000 0 und d
040 |a cru BVZT 
090 |a 820 S-5cr 
100 |a Shakespeare, William 
245 |a Coriolanus: review questions and answers 
260 |a Londres, Inglaterra 
260 |b Coles Notes 
260 |c 1967 
300 |a 55 páginas 
650 |a LITERATURA INGLESA 
999 |c 7108  |d 7108 
942 |c 15 D  |h 820 S-5cr  |2 z